| 000 | 00000nam 2200000zi 4500 |
| 001 | 9.937123 |
| 003 | CaOODSP |
| 005 | 20240612102825 |
| 006 | m o d f |
| 007 | cr |n||||||||| |
| 008 | 240419e20230613onc ob f|0| 0 fre d |
| 040 | |aCaOODSP|bfre|erda|cCaOODSP |
| 043 | |an-cn---|an-us---|an-mx--- |
| 086 | 1 |aRv55-8/11-3-3-2023F-PDF |
| 245 | 00|aRègles de marquage du pays d’origine – pays ACEUM. |
| 264 | 1|aOttawa : |bAgence des services frontaliers du Canada = Canada Border Services Agency, |cle 13 juin 2023. |
| 300 | |a1 ressource en ligne (13 pages). |
| 336 | |atexte|btxt|2rdacontent/fre |
| 337 | |ainformatique|bc|2rdamedia/fre |
| 338 | |aressource en ligne|bcr|2rdacarrier/fre |
| 490 | 1 |aMémorandum, |x2369-2405 ; |vD11-3-3 |
| 500 | |aPublié aussi en anglais sous le titre : CUSMA countries of origin marking rules. |
| 500 | |a« Ceci annule le mémorandum D D11-3-3 daté le 20 octobre 2015. » |
| 504 | |aComprend des références bibliographiques (page 13). |
| 650 | 6|aLibre-échange|zAmérique du Nord. |
| 650 | 6|aCertificats d'origine (Douanes)|zAmérique du Nord. |
| 710 | 2 |aAgence des services frontaliers du Canada, |eorganisme de publication. |
| 775 | 08|tCUSMA countries of origin marking rules.|w(CaOODSP)9.937121 |
| 830 | #0|aMémorandum (Agence des services frontaliers du Canada)|vD11-3-3.|w(CaOODSP)9.816826 |
| 856 | 40|qPDF|s517 Ko|uhttps://publications.gc.ca/collections/collection_2024/asfc-cbsa/Rv55-8-11-3-3-2023-fra.pdf |
| 856 | 4 |qHTML|sS.O.|uhttps://www.cbsa-asfc.gc.ca/publications/dm-md/d11/d11-3-3-fra.html |